Andragogický rozvoj lektora

Bibliographic Details
Corporate Author: Univerzita Mateja Bela v Banskej Bystrici. Pedagogická fakulta. Katedra andragogiky
Other Authors: Krystoň, Miroslav, 1964- (Editor), Prusáková, Viera, 1947- (Editor)
Format: Software eBook
Language:Slovak
PhysicalDescription:1 elektronický optický disk (CD-ROM) fareb. 12 cm
Published: Banská Bystrica Belianum 2015
ISBN:9788055710587 (elektronická kniha)
Subjects:

MARC

LEADER 00000cam a2200000 a 4500
001 vtls011585598
003 SK-MaSNL
005 20260301221126.0
007 co cg auuua
008 161012s2015 xo | fs 000 0 slo
015 |a SNBS2017 
020 |a 9788055710587 (elektronická kniha) 
040 |a SNK  |b slo  |c SNK  |e AACR2 
041 0 |a slo  |b eng 
044 |a xo  |c SK 
072 7 |a 374  |x Výchova a vzdelávanie dospelých. Mimoškolská výchova a vzdelávanie  |2 konspekt 
072 7 |a 37  |x Výchova a vzdelávanie  |2 konspekt 
080 |a 37.011.3-051  |2 2011 
080 |a 37.018  |2 2011 
080 |a 331.546  |2 2011 
080 |a 374.7  |2 2011 
080 |a 37.013.83  |2 2011 
080 |a (048.8)  |2 2011 
080 |a (0.034.44)  |2 2011 
245 0 0 |a Andragogický rozvoj lektora  |h elektronický zdroj  |c Miroslav Krystoň, Viera Prusáková (eds.) 
260 |a Banská Bystrica  |b Belianum  |c 2015 
300 |a 1 elektronický optický disk (CD-ROM)  |b fareb.  |c 12 cm 
500 |a Názov z titulnej obrazovky 
500 |a Nad názvom: Univerzita Mateja Bela, Pedagogická fakulta, Katedra andragogiky 
504 |a Bibliogr. 
516 |a Textový dokument (monografia), súbor vo formáte pdf 
536 |a Publikácia je výstupom výskumnej úlohy VEGA č. projektu 1/0754/13 Determinanty profesijného rozvoja lektora v kontexte kvality vzdelávania dospelých 
538 |a Technické požiadavky: PDF prehliadač 
546 |a Res. v angl. 
650 0 7 |a lektori (vzdelávanie)  |2 SNKPH  |9 31766 
650 0 7 |a lektorstvo (vzdelávanie)  |2 SNKPH  |9 120077 
650 0 7 |a profesijné kompetencie  |2 SNKPH  |9 74959 
650 0 7 |a vzdelávanie dospelých  |2 SNKPH  |9 4999 
650 0 7 |a andragogika  |2 SNKPH  |9 67508 
650 0 7 |a Lectorship (education)  |2 SNKPHeng  |9 343410 
650 0 7 |a Vocational qualifications  |2 SNKPHeng  |9 306683 
650 0 7 |a Adult learning  |2 SNKPHeng  |9 268409 
650 0 7 |a Andragogy  |2 SNKPHeng  |9 275485 
650 0 7 |a Lectors (education)  |2 SNKPHeng  |9 426475 
655 7 |a elektronické zdroje  |2 SNKPH  |9 90954 
655 7 |a CD-ROM  |2 SNKPH  |9 70236 
655 7 |a monografie  |2 SNKPH  |9 70139 
655 7 |a Monographs  |2 SNKPHeng  |9 120675 
655 7 |a Electronic resources  |2 SNKPHeng  |9 175546 
700 1 |a Krystoň, Miroslav,  |d 1964-  |4 edt  |9 14645 
700 1 |a Prusáková, Viera,  |d 1947-  |4 edt  |9 239348 
710 2 |a Univerzita Mateja Bela v Banskej Bystrici.  |b Pedagogická fakulta.  |b Katedra andragogiky  |9 181135 
852 |a Štátna vedecká knižnica v Banskej Bystrici 
919 |a 978-80-557-1058-7 
958 |a NB 
999 |c 934608  |d 936538 
952 |a SNK  |b SNK  |y PREZ  |7 0  |p 17A1216521  |o snkSCDM 8872  |i snk2016/23790  |8 0  |0 0  |1 0  |4 0  |d 2016-10-12  |l 0  |r 2026-02-24 08:59:54  |w 2026-02-24 
952 |t snkAND 37.013.83  |a SNKMST  |b SNKMST  |y PREZ  |7 0  |p 17A1216520  |o snkSCDM 8872 D1  |i snk2016/23791  |8 0  |0 0  |1 0  |4 0  |d 2016-10-12  |l 0  |r 2025-08-11 00:00:00  |w 2026-02-24